| 000 | 00435nam a22001817a 4500 | ||
|---|---|---|---|
| 003 | OSt | ||
| 005 | 20140310181757.0 | ||
| 008 | 130701t xxu||||| |||| 00| 0 eng d | ||
| 050 |
_aBP 161.2 _b.P645 |
||
| 082 |
_aFIL 297.1 _bP18 199 |
||
| 245 | _aMga pinaniniwalaan sa Islam / | ||
| 260 |
_aZulfi : _bF.G.O, _cc199_. |
||
| 300 |
_a33 p. ; _c17 cm. |
||
| 650 | _aIslam | ||
| 942 |
_2lcc _cBK _kFIL |
||
| 999 |
_c3467 _d3467 |
||